<?xml version="1.0" encoding="UTF-8"?><?xml-stylesheet type="text/xsl" href="static/style.xsl"?><OAI-PMH xmlns="http://www.openarchives.org/OAI/2.0/" xmlns:xsi="http://www.w3.org/2001/XMLSchema-instance" xsi:schemaLocation="http://www.openarchives.org/OAI/2.0/ http://www.openarchives.org/OAI/2.0/OAI-PMH.xsd"><responseDate>2026-04-18T08:00:22Z</responseDate><request verb="GetRecord" identifier="oai:www.recercat.cat:20.500.12694/7223" metadataPrefix="marc">https://recercat.cat/oai/request</request><GetRecord><record><header><identifier>oai:recercat.cat:20.500.12694/7223</identifier><datestamp>2025-12-18T12:09:55Z</datestamp><setSpec>com_2072_179042</setSpec><setSpec>col_2072_484474</setSpec></header><metadata><record xmlns="http://www.loc.gov/MARC21/slim" xmlns:dcterms="http://purl.org/dc/terms/" xmlns:xsi="http://www.w3.org/2001/XMLSchema-instance" xmlns:doc="http://www.lyncode.com/xoai" xsi:schemaLocation="http://www.loc.gov/MARC21/slim http://www.loc.gov/standards/marcxml/schema/MARC21slim.xsd">
   <leader>00925njm 22002777a 4500</leader>
   <datafield ind2=" " ind1=" " tag="042">
      <subfield code="a">dc</subfield>
   </datafield>
   <datafield ind2=" " ind1=" " tag="720">
      <subfield code="a">Sansano Navarro, Alba</subfield>
      <subfield code="e">author</subfield>
   </datafield>
   <datafield ind2=" " ind1=" " tag="260">
      <subfield code="c">2015-07-14</subfield>
   </datafield>
   <datafield ind2=" " ind1=" " tag="520">
      <subfield code="a">L’artista romàntic és la inspiració, la bogeria, la passió. És el geni, el visionari, l’incomprès. En aquest treball, es personifiquen totes aquestes característiques en una única figura, la de Robert Schumann, i s’aconsegueix això mitjançant un estudi de la influència de la seva psicopatologia en les seves composicions. Schumann plasma, en paper, un aparent caos intern, i ho fa en forma de música. S’analitzaran algunes de les seves obres per a piano i Lied per tal d’esbrinar com afectaven els seus alts i baixos emocionalment anòmals en la quantitat i la qualitat compositiva.</subfield>
   </datafield>
   <datafield ind2=" " ind1=" " tag="520">
      <subfield code="a">El artista romántico es la inspiración, la locura, la pasión. Es el genio, el visionario, el incomprendido. En este trabajo, se personifican todas estas características en una sola figura, la de Robert Schumann, y esto se consigue mediante un estudio de la influencia de su psicopatología en sus composiciones. Schumann plasma, en papel, un aparente caos interno , y lo hace en forma de música. Se analizarán algunas de sus obras para piano y el Lied con tal de averiguar cómo afectaban sus altibajos emocionalmente anómalos en la cantidad y la calidad compositiva.</subfield>
   </datafield>
   <datafield ind2=" " ind1=" " tag="520">
      <subfield code="a">The Romantic artist is the inspiration, the madness, the passion. He is the genius, the visionary, the misunderstood. In this thesis, all these characteristics are personified in Robert Schumann through a study of the influence of his psychopathology on his compositions. Schumann captures a seeming inner chaos through his music. Some of his piano and Lied works will be analyzed to determine how his erratic ups and downs influenced his compositional quality and quantity.</subfield>
   </datafield>
   <datafield ind1="8" ind2=" " tag="024">
      <subfield code="a">http://hdl.handle.net/20.500.12694/7223</subfield>
   </datafield>
   <datafield tag="653" ind2=" " ind1=" ">
      <subfield code="a">TFG Música clàssica i contemporània</subfield>
   </datafield>
   <datafield tag="653" ind2=" " ind1=" ">
      <subfield code="a">Schumann, Robert, 1810-1856--Crítica i interpretació</subfield>
   </datafield>
   <datafield tag="653" ind2=" " ind1=" ">
      <subfield code="a">Romanticisme en la música</subfield>
   </datafield>
   <datafield tag="653" ind2=" " ind1=" ">
      <subfield code="a">Piano, Música per a--Anàlisi i apreciació</subfield>
   </datafield>
   <datafield tag="653" ind2=" " ind1=" ">
      <subfield code="a">Cançons--Anàlisi i apreciació</subfield>
   </datafield>
   <datafield tag="653" ind2=" " ind1=" ">
      <subfield code="a">Música--Alemanya--S. XIX</subfield>
   </datafield>
   <datafield ind2="0" ind1="0" tag="245">
      <subfield code="a">La dualidad de Robert Schumann: genio y locura, una gran simbiosis</subfield>
   </datafield>
</record></metadata></record></GetRecord></OAI-PMH>